000 00598nam a22001457a 4500
020 _a81-904401-0-1
082 _a823
_bKEL/S
100 _aKELLER, HELEN
245 _aTHE STORY OF MY LIFE
260 _aDELHI
_bAKSHARS PUBLISHERS
_c2007
300 _a225
520 _aThe Story of My Life (1903) chronicles the early years of Helen Keller, a young woman who became both deaf and blind at a young age. The book explores the challenges she faced growing up as a child with disabilities, and introduces the amazing people who helped her along the way.
650 _aAUTOBIOGRAPHY
_zINDIA
942 _cBK
999 _c4053
_d4053